000 00787cam a2200241 4500
008 010911n2001 000 0 eng u
020 _a1851124772
035 _a(Sirsi) u114512
100 _aBarelli, J.
245 _aUnderoccupation in social housing
260 _aLondon
_bStationery Office
_c2001
300 _a140p.
_c30cm.
350 _a22.00
520 _aReport considering the extent and nature of the problem underoccupation, initiatives to reduce it, and possible solutions.
650 _aOCCUPANCY
650 _aOCCUPANCY RATES
650 _aSOCIAL HOUSING
650 _aUNDEROCCUPATION
690 _aAffordable housing
_96215
700 _aPawson, H.
710 _aUnited Kingdom
_bDepartment of the Environment, Transport and the Regions
_93507
942 _n0
999 _c101625
_d101625